| 000 | 00981nam a2200265 a 4500 | ||
|---|---|---|---|
| 001 | 2945809 | ||
| 003 | OSt | ||
| 005 | 20220225110421.0 | ||
| 008 | 900305s1991 iaua b 001 0 eng | ||
| 010 | _a 90081007 | ||
| 020 | _a0697086674 | ||
| 040 |
_aDLC _cDLC |
||
| 050 | 0 | 0 |
_aP95 _b.P47 1991 |
| 100 | 1 | _aPearson, Judy C. | |
| 245 | 1 | 0 |
_aUnderstanding and sharing : _ban introduction to speech communication / _cJudy Cornelia Pearson, Paul Edward Nelson. |
| 250 | _a5th ed. | ||
| 260 |
_a[Dubuque, Iowa] : _bW.C. Brown Publishers, _cc1991. |
||
| 300 |
_axviii, 517 p. : _bill. (chiefly col.) ; _c23 cm. |
||
| 504 | _aIncludes bibliographical references (p. 494-508) and index. | ||
| 650 | 0 | _aOral communication. | |
| 700 | 1 |
_aNelson, Paul E. _q(Paul Edward), _d1941- |
|
| 906 |
_a7 _bcbc _corignew _d2 _eopcn _f19 _gy-gencatlg |
||
| 942 |
_2lcc _cBOOKS _hP95 .P47 1991 |
||
| 999 |
_c31221 _d31221 |
||